000 00462nam a2200181 a 4500
001 988
003 CO-ViMGA
008 141112s2004 ck r 000 u spa d
040 _aCO-ViMGA
_bspa
_cCO-ViMGA
082 0 4 _a923.2 B654g
100 1 _aGonzález, Margarita
245 1 0 _aBolívar y la independencia de Cuba
260 _aBogotá :
_bAncora,
_c1985
300 _a141 p
650 1 4 _aBOLIVAR, SIMON 1783 - 1830
650 1 4 _aCUBA
_948990
942 _2ddc
_cBK
999 _c13212
_d13212